000 01877cam a22004454i 4500
003 PE-LiUPU
005 20250731165430.0
008 160216s1997 pe grm 000 0 spa d
035 _a(Sirsi) a156165
040 _aPE-LiUPU
_bspa
_cPE-LiUPU
_erda
099 _aTE 2
_bM22 1997
100 1 _aMamani Apaza, Guillermo
_eautor
245 1 _aMétodos de un paso para la solución numérica de problemas con valor inicial /
_cGuillermo Mamani Apaza.
264 0 _c1997.
300 _a100 hojas
_c30 cm
336 _atext
_2rdacontent
337 _aunmediated
_2rdamedia
338 _avolume
_2rdacarrier
502 _aTesis
_b(Lic.) --
_cUniversidad Peruana Unión,
_d1997.
504 _aIncluye referencias
520 3 _aEn la practica existen muchas ecuaciones diferenciales, de bastante significancia, que no se pueden resolver usando métodos analíticos de calculo. Por eso los métodos numéricos ofrecen la única alternativa viable para obtener una solución aproximada a la solución exacta. En efecto, la presente tesis hace fundamentalmente, un estudio orientado a encontrar una solución aproximada a las E.D.O utilizando los métodos de un paso de Runge-Kutta. Para ello, usamos algunos resultados matemáticos que nos ayudan a construir los métodos, controlar el error y garantizar la convergencia del método.
526 _aSEG44
526 _aSEG26
526 _aP151
526 _aP150
526 _aP149
526 _aP146
526 _aP145
526 _aP126
526 _aP125
526 _aP92
526 _aP75
526 _aP74
526 _aP27
526 _aP15
650 0 4 _aMétodos de 1 paso (Matemáticas)
596 _a1
942 _2ddc
_cTESIS
999 _aTE 2 M22 1997
_wALPHANUM
_c8844
_iT00161
_lCCODEBUL3
_mBUL
_r1
_sY
_tTESIS
_u2016-2-16
_xEDUCACION
_PP15
_o.STAFF. Tesis
_d8844
980 _81
_gALBERTO SANCHEZ Responsable de Automatización